Finance (Registro nro. 3532)
[ vista simple ]
| 000 -CABECERA | |
|---|---|
| campo de control de longitud fija | 01157nam a22004097a 4500 |
| 005 - FECHA Y HORA DE ACTUALIZACIÓN | |
| campo de control | 20220915151658.0 |
| 008 - LONGITUD FIJA | |
| campo de control de longitud fija | 150302b xxu||||| |||| 00| 0 ES d |
| 041 ## - IDIOMA | |
| Código de idioma del texto/pista de sonido o título separado | |
| 082 ## - CLASIFICACIÓN DECIMAL DEWEY | |
| Número de clasificación | 428.3 E242fi |
| 100 ## - AUTOR PERSONAL | |
| Nombre de persona | Evans, Virginia |
| 245 ## - TÍTULO PROPIAMENTE DICHO | |
| Título | Finance |
| 260 ## - PIE DE IMPRENTA | |
| Lugar de publicación, distribución, etc. | Estados Unidos |
| Nombre del editor, distribuidor, etc. | Express Publishing |
| Fecha de publicación, distribución, etc. | 2012 |
| 300 ## - DESCRIPCIÓN FÍSICA | |
| Extensión | 39 páginas |
| 505 ## - Nota de Contenido | |
| Nota de contenido | Contiene disco compacto N° 688 |
| 650 ## - Materia General | |
| Materia general | INGLÉS - ENSEÑANZA |
| 650 ## - Materia General | |
| Materia general | FINANZAS |
| 650 ## - Materia General | |
| Materia general | FINANCE |
| 650 ## - Materia General | |
| Materia general | BANCA |
| 650 ## - Materia General | |
| Materia general | NEGOCIOS |
| 650 ## - Materia General | |
| Materia general | CONTABILIDAD |
| 650 ## - Materia General | |
| Materia general | BOLSA DE VALORES |
| 650 ## - Materia General | |
| Materia general | SERVICIOS FINANCIEROS |
| 650 ## - Materia General | |
| Materia general | FINANCE BASICS |
| 650 ## - Materia General | |
| Materia general | FINANCIAL DOCUMENTS |
| 650 ## - Materia General | |
| Materia general | CASH |
| 650 ## - Materia General | |
| Materia general | NUMBERS |
| 650 ## - Materia General | |
| Materia general | CHANGES IN VALUE |
| 650 ## - Materia General | |
| Materia general | BALANCE SHEETS |
| 650 ## - Materia General | |
| Materia general | BANKING |
| 650 ## - Materia General | |
| Materia general | BANK ACCOUNTS |
| 650 ## - Materia General | |
| Materia general | BANK SERVICES |
| 650 ## - Materia General | |
| Materia general | BUSINESS FINANCE |
| 650 ## - Materia General | |
| Materia general | TYPES OF BUSINESSES |
| 650 ## - Materia General | |
| Materia general | TYPES OF COST |
| 650 ## - Materia General | |
| Materia general | BUDGETS |
| 942 ## - Punto de Acceso Adicional Koha | |
| Tipo de ítem Koha | Libro |
| Estado perdido | Estado dañado | No para préstamo | Biblioteca permanente | Biblioteca actual | Signatura completa | Código de barras | Precio efectivo a partir del | Tipo de ítem | Programa Académico | Estado retirado | Fuente de clasificación o esquema de estantería |
|---|---|---|---|---|---|---|---|---|---|---|---|
| Departamento de Biblioteca y Documentación Alfonso Chase Brenes | Departamento de Biblioteca y Documentación Alfonso Chase Brenes | 428.3 E242fi | 19553 | 08/02/2016 | Libro | ||||||
| Departamento de Biblioteca y Documentación Alfonso Chase Brenes | Departamento de Biblioteca y Documentación Alfonso Chase Brenes | 428.3 E242fi | 19554 | 08/02/2016 | Libro | ||||||
| Departamento de Biblioteca y Documentación Alfonso Chase Brenes | Departamento de Biblioteca y Documentación Alfonso Chase Brenes | 428.3 E242fi | 19555 | 08/02/2016 | Libro | ||||||
| Departamento de Biblioteca y Documentación Alfonso Chase Brenes | Departamento de Biblioteca y Documentación Alfonso Chase Brenes | 428.3 E242fi | 18996 | 08/02/2016 | Libro | ||||||
| Departamento de Biblioteca y Documentación Alfonso Chase Brenes | Departamento de Biblioteca y Documentación Alfonso Chase Brenes | 428.3 E242fi | 18997 | 08/02/2016 | Libro | ||||||
| Departamento de Biblioteca y Documentación Alfonso Chase Brenes | Departamento de Biblioteca y Documentación Alfonso Chase Brenes | 428.3 E242fi | 18998 | 08/02/2016 | Libro | ||||||
| Departamento de Biblioteca y Documentación Alfonso Chase Brenes | Departamento de Biblioteca y Documentación Alfonso Chase Brenes | 688 DC | 688ADC | 23/05/2017 | Disco Compacto | Dirección y Administración de Empresas | |||||
| Departamento de Biblioteca y Documentación Alfonso Chase Brenes | Departamento de Biblioteca y Documentación Alfonso Chase Brenes | 688 DC | 688BDC | 23/05/2017 | Disco Compacto | Dirección y Administración de Empresas | |||||
| Departamento de Biblioteca y Documentación Alfonso Chase Brenes | Departamento de Biblioteca y Documentación Alfonso Chase Brenes | 688 DC | 688CDC | 23/05/2017 | Disco Compacto | Dirección y Administración de Empresas | |||||
| Dañado | Departamento de Biblioteca y Documentación Alfonso Chase Brenes | Departamento de Biblioteca y Documentación Alfonso Chase Brenes | 688 DC | 688DDC | 23/05/2017 | Disco Compacto | Dirección y Administración de Empresas | Retirado | Dewey Decimal Classification | ||
| Departamento de Biblioteca y Documentación Alfonso Chase Brenes | Departamento de Biblioteca y Documentación Alfonso Chase Brenes | 688 DC | 688EDC | 23/05/2017 | Disco Compacto | Dirección y Administración de Empresas | |||||
| Departamento de Biblioteca y Documentación Alfonso Chase Brenes | Departamento de Biblioteca y Documentación Alfonso Chase Brenes | 688 DC | 688FDC | 23/05/2017 | Disco Compacto | Dirección y Administración de Empresas |